000 00391pab a2200145 454500
008 180718b1984 xxu||||| |||| 00| 0 eng d
100 _aWilson, Graham K.
245 _aSocial regulation and explanations of regulatory failure
260 _c1984
300 _a203-25
362 _aJune
650 _aGovernment Regulation of Business - U.S.A.
773 _aPolitical Studies
909 _a9433
999 _c9433
_d9433